[Event "FRA Team Ch"]
[Site "MONACO"]
[Date "2002.02.01"]
[Round "1.6"]
[White "Berthelot, Yannick"]
[Black "Vallin, Guillaume"]
[Result "1-0"]
[WhiteElo "2273"]
[BlackElo "2356"]
[PlyCount "64"]
[EventDate "2000.02.??"]
[WhiteTeam "Sautron"]
[BlackTeam "Gonfreville"]

1. e4 e6 2. d4 d5 3. Nc3 Nf6 4. Bg5 Bb4 5. e5 h6 6. Be3 Ne4 7. Qg4 g6 8. a3
Bxc3+ 9. bxc3 Nxc3 10. Bd3 c5 11. dxc5 Nc6 12. Nf3 Qa5 13. O-O Bd7 14. Qh4 Ne7
15. Ng5 Qa4 16. f4 Ng8 17. Qh3 h5 18. f5 gxf5 19. Rf4 Ne4 20. Bxe4 dxe4 21. Ra2
Ne7 22. Rb2 Bb5 23. Rb4 Qa6 24. Rh4 O-O-O 25. Rxh5 Rd1+ 26. Kf2 Rf1+ 27. Kg3
f4+ 28. Bxf4 Rxh5 29. Qxh5 Nf5+ 30. Kh3 Rxf4 31. Qh8+ Kc7 32. Nxe6+ fxe6 1-0

[Event "FRA Team Ch"]
[Site "MONACO"]
[Date "2002.02.06"]
[Round "1.7"]
[White "Gouret, Thierry"]
[Black "Crouan, Stephane"]
[Result "0-1"]
[WhiteElo "2270"]
[BlackElo "2307"]
[PlyCount "92"]
[EventDate "2000.02.??"]
[WhiteTeam "Gonfreville"]
[BlackTeam "Sautron"]

1. c4 e5 2. Nc3 Nf6 3. g3 Nc6 4. Bg2 Bc5 5. d3 O-O 6. e3 Re8 7. Nge2 a5 8. O-O
d6 9. a3 Bg4 10. h3 Bf5 11. b3 Bb6 12. Ra2 Qd7 13. Kh2 Re6 14. Nd5 Ba7 15. e4
Bg6 16. f4 exf4 17. Nexf4 Ne8 18. Nxe6 fxe6 19. Nf4 Bf7 20. Bb2 e5 21. Nd5 Nd8
22. Bf3 c6 23. Bg4 Ne6 24. Nc3 Nf6 25. Bf5 Qe7 26. Bxe6 Bxe6 27. Qe2 Qd7 28.
Qg2 Bxh3 29. Qxh3 Ng4+ 30. Kg2 Ne3+ 31. Kh2 Nxf1+ 32. Qxf1 Rf8 33. Qe1 Rf2+ 34.
Qxf2 Bxf2 35. Nd1 Qg4 36. Nxf2 Qe2 37. Kg2 Qc2 38. Bxe5 Qxa2 39. Bxd6 Qxb3 40.
e5 Kf7 41. Kf3 Ke6 42. Ke3 b6 43. Nh3 Qd1 44. Ng5+ Kf5 45. Nxh7 Qe1+ 46. Kd4
c5+ 0-1

[Event "FRA Team Ch"]
[Site "MONACO"]
[Date "2002.02.01"]
[Round "1.8"]
[White "Gervais, Claire"]
[Black "Gerard, Nicolas"]
[Result "1/2-1/2"]
[WhiteElo "2169"]
[BlackElo "2273"]
[PlyCount "60"]
[EventDate "2000.02.??"]
[WhiteTeam "Gonfreville"]
[BlackTeam "Sautron"]

1. d4 Nf6 2. c4 g6 3. Nc3 d5 4. Bf4 Bg7 5. e3 c5 6. Nf3 cxd4 7. exd4 O-O 8. h3
Nc6 9. Be2 dxc4 10. Bxc4 Nd7 11. Be3 Nb6 12. Bb5 Nb4 13. O-O N4d5 14. Nxd5 Nxd5
15. Bg5 h6 16. Bd2 Be6 17. Re1 Qb6 18. Qa4 Qd6 19. Bd3 Kh7 20. Ne5 Nb6 21. Qb4
Rfd8 22. Qxd6 Rxd6 23. Bc3 Bf6 24. Be4 Nd5 25. Bd2 Rc8 26. Rac1 Rdd8 27. a3 Kg7
28. Nf3 b6 29. Ne5 Bxe5 30. dxe5 g5 1/2-1/2

[Event "FRA Team Ch"]
[Site "MONACO"]
[Date "2002.02.01"]
[Round "1.9"]
[White "Marchadour, Claire"]
[Black "Theon, Pierre"]
[Result "0-1"]
[WhiteElo "2127"]
[BlackElo "2214"]
[PlyCount "80"]
[EventDate "2000.02.??"]
[WhiteTeam "Sautron"]
[BlackTeam "Gonfreville"]

1. e4 c6 2. d4 d5 3. Nc3 dxe4 4. Nxe4 Bf5 5. Ng3 Bg6 6. h4 h6 7. h5 Bh7 8. f4
e6 9. Nf3 Nf6 10. Bd3 Bxd3 11. Qxd3 Qc7 12. Bd2 Be7 13. O-O-O c5 14. Ne5 cxd4
15. Qxd4 O-O 16. Ne4 Rc8 17. Nc3 b5 18. Qd3 b4 19. Nb5 Qb6 20. Nd4 Na6 21. Nb3
Nc5 22. Nxc5 Qxc5 23. Kb1 Nd5 24. Rh3 Rc7 25. Rg3 Rac8 26. Nxf7 Kxf7 27. Qg6+
Kf8 28. Qxg7+ Ke8 29. Qg6+ Kd7 30. Be3 Qxc2+ 31. Qxc2 Rxc2 32. f5 Bf6 33. Bc1
Ke7 34. Rgd3 Nb6 35. fxe6 Kxe6 36. Re1+ Kf7 37. Rf3 R8c6 38. Ref1 Rxg2 39. b3
Nd5 40. Bxh6 Rb2+ 0-1

[Event "FRA Team Ch"]
[Site "DRANCY"]
[Date "2002.02.01"]
[Round "1.4"]
[White "Degraeve, Jean-Marc"]
[Black "Horvath, Jozsef"]
[Result "1-0"]
[WhiteElo "2537"]
[BlackElo "2591"]
[PlyCount "97"]
[EventDate "2000.02.??"]
[WhiteTeam "Clichy"]
[BlackTeam "NAO Chess Club"]

1. e4 e5 2. Nf3 Nf6 3. Nxe5 d6 4. Nf3 Nxe4 5. d4 d5 6. Bd3 Be7 7. O-O Nc6 8. c4
Nb4 9. Be2 O-O 10. Nc3 Bf5 11. a3 Nxc3 12. bxc3 Nc6 13. cxd5 Qxd5 14. c4 Qd6
15. Ra2 Be4 16. Nd2 Bf5 17. Nb3 a5 18. Be3 a4 19. Nc5 b6 20. Nxa4 Qd7 21. Nc3
Rxa3 22. Rxa3 Bxa3 23. Nb5 Be7 24. Bf4 Bf6 25. d5 Ne5 26. Bxe5 Bxe5 27. g4 Qe7
28. f4 Qc5+ 29. Rf2 Bxf4 30. Qd4 Be3 31. Qxc5 Bxc5 32. gxf5 Re8 33. Kg2 Re7 34.
Bd3 Bxf2 35. Kxf2 Kf8 36. f6 gxf6 37. Bxh7 Kg7 38. Bd3 Kh6 39. Nd4 Re8 40. Nf5+
Kg5 41. Kg3 Re5 42. h4+ Kh5 43. Kf4 Re1 44. Be2+ Kg6 45. h5+ Kh7 46. Nd4 Kh6
47. Kf5 Kg7 48. h6+ Kxh6 49. Kxf6 1-0

[Event "FRA Team Ch"]
[Site "DRANCY"]
[Date "2002.02.01"]
[Round "1.5"]
[White "Fressinet, Laurent"]
[Black "Conquest, Stuart"]
[Result "1-0"]
[WhiteElo "2591"]
[BlackElo "2596"]
[PlyCount "119"]
[EventDate "2000.02.??"]
[WhiteTeam "NAO Chess Club"]
[BlackTeam "Clichy"]

1. e4 Nf6 2. e5 Nd5 3. d4 d6 4. Nf3 dxe5 5. Nxe5 c6 6. c4 Nf6 7. Nc3 g6 8. Be2
Bg7 9. O-O O-O 10. h3 Be6 11. Re1 Nbd7 12. Nf3 Nb6 13. b3 Bf5 14. Bf1 Qc7 15.
g3 Rad8 16. Qe2 Rfe8 17. Bf4 Qc8 18. Kh2 Nbd7 19. Rad1 Nh5 20. Be3 Qc7 21. Kg1
Nhf6 22. Bf4 Qa5 23. Bd2 Qc7 24. Bg2 Nf8 25. Bf4 Qc8 26. g4 Bd7 27. Ne5 Be6 28.
Qe3 N6d7 29. d5 Nxe5 30. Bxe5 Bxe5 31. Qxe5 cxd5 32. cxd5 f6 33. Qg3 Bf7 34. d6
Rxd6 35. Rxd6 exd6 36. Rxe8 Qxe8 37. Ne4 Qe5 38. Nxd6 Qxg3 39. fxg3 Be6 40.
Bxb7 Nd7 41. Bc8 Kf8 42. Nb5 Ke7 43. Nxa7 Kd8 44. Kf2 Kc7 45. Bxd7 Bxd7 46. a4
Kb6 47. Nb5 Kc5 48. Ke3 h6 49. Nd4 Bc8 50. Kd3 Kb4 51. Kc2 Bb7 52. Kb2 Be4 53.
Nc2+ Ka5 54. Kc3 f5 55. gxf5 Bxf5 56. h4 g5 57. Ne3 Bg6 58. hxg5 hxg5 59. Nc4+
Ka6 60. b4 1-0

[Event "FRA Team Ch"]
[Site "DRANCY"]
[Date "2002.02.01"]
[Round "1.6"]
[White "Apicella, Manuel"]
[Black "Maze, Sebastien"]
[Result "1-0"]
[WhiteElo "2520"]
[BlackElo "2349"]
[PlyCount "79"]
[EventDate "2000.02.??"]
[WhiteTeam "Clichy"]
[BlackTeam "NAO Chess Club"]

1. e4 c5 2. Nf3 Nc6 3. d4 cxd4 4. Nxd4 g6 5. Nc3 Bg7 6. Be3 Nf6 7. Bc4 d6 8. f3
Qb6 9. Ncb5 a6 10. Nf5 Qa5+ 11. Bd2 gxf5 12. Bxa5 Nxa5 13. Nxd6+ exd6 14. Be2
O-O 15. exf5 Bxf5 16. O-O d5 17. g4 Bg6 18. g5 Ne8 19. Qxd5 Nc6 20. c3 Rd8 21.
Qb3 Nd6 22. Rad1 Rfe8 23. Bd3 Re3 24. Bxg6 hxg6 25. Qb6 Re5 26. f4 Rb5 27. Qc7
Bf8 28. b4 Rc8 29. Qd7 Rd8 30. Qh3 Rf5 31. Rf3 Nc4 32. Rfd3 Rxd3 33. Rxd3 a5
34. Rd7 axb4 35. Rxb7 bxc3 36. Qxc3 Rxf4 37. Rc7 N6e5 38. Rc8 Rg4+ 39. Kh1 Nd6
40. Rxf8+ 1-0

[Event "FRA Team Ch"]
[Site "DRANCY"]
[Date "2002.02.01"]
[Round "1.7"]
[White "Sebag, Marie"]
[Black "Relange, Eloi"]
[Result "1/2-1/2"]
[WhiteElo "2368"]
[BlackElo "2491"]
[PlyCount "82"]
[EventDate "2000.02.??"]
[WhiteTeam "NAO Chess Club"]
[BlackTeam "Clichy"]

1. e4 c5 2. Nf3 d6 3. d4 Nf6 4. Nc3 cxd4 5. Nxd4 a6 6. Bg5 e6 7. f4 Qb6 8. Nb3
Nbd7 9. Qd2 Be7 10. O-O-O Qc7 11. g4 b5 12. Bxf6 Nxf6 13. g5 Nd7 14. Qd4 O-O
15. h4 Qa7 16. Bh3 Qxd4 17. Nxd4 Re8 18. f5 Nf8 19. a3 Bd8 20. Rhf1 Ba5 21. b4
Bb6 22. Nde2 Bc7 23. Nf4 Bb7 24. h5 g6 25. hxg6 hxg6 26. fxg6 fxg6 27. Nce2
Bxe4 28. Nd4 e5 29. Nfe6 Bb6 30. Nxf8 Rxf8 31. Rxf8+ Rxf8 32. Ne6 Rf2 33. Rxd6
Be3+ 34. Kd1 Bxc2+ 35. Ke1 Bf5 36. Bxf5 Rxf5 37. Rxa6 Bxg5 38. Nxg5 Rxg5 39.
Ke2 Kf7 40. Ke3 Rg1 41. Rb6 Rg3+ 1/2-1/2

[Event "FRA Team Ch"]
[Site "DRANCY"]
[Date "2002.02.01"]
[Round "1.8"]
[White "Verat, Laurent"]
[Black "Lecuyer, Christian"]
[Result "1/2-1/2"]
[WhiteElo "2337"]
[BlackElo "2273"]
[PlyCount "94"]
[EventDate "2000.02.??"]
[WhiteTeam "Clichy"]
[BlackTeam "NAO Chess Club"]

1. d4 Nf6 2. Nf3 g6 3. c4 Bg7 4. Nc3 c5 5. d5 d6 6. g3 O-O 7. Bg2 e6 8. O-O
exd5 9. cxd5 Na6 10. Nd2 Nc7 11. Nc4 Nfe8 12. a4 b6 13. Re1 Ba6 14. Qb3 Qd7 15.
Na3 Nf6 16. Nab5 Bxb5 17. axb5 Ng4 18. h3 Nh6 19. e4 f6 20. f4 Nf7 21. Bd2 Rfb8
22. Kh2 a6 23. Bf1 axb5 24. Nxb5 Rxa1 25. Rxa1 Nxb5 26. Bxb5 Qe7 27. Qc4 g5 28.
Bc3 Nh8 29. Qd3 Ng6 30. Qf3 Rf8 31. Re1 gxf4 32. gxf4 Bh6 33. Bd2 Kh8 34. Rg1
f5 35. Bc3+ Bg7 36. exf5 Rxf5 37. Re1 Qh4 38. Re8+ Rf8 39. Qe3 Bxc3 40. bxc3
Kg7 41. Rxf8 Kxf8 42. Qe8+ Kg7 43. Qd7+ Kh6 44. Qxd6 Qf2+ 45. Kh1 Qf1+ 46. Kh2
Qf2+ 47. Kh1 Qf1+ 1/2-1/2

[Event "FRA Team Ch"]
[Site "DRANCY"]
[Date "2002.02.01"]
[Round "1.9"]
[White "De Sousa, Jose-Claude"]
[Black "Costagliola, Marina"]
[Result "1/2-1/2"]
[WhiteElo "2274"]
[BlackElo "2261"]
[PlyCount "99"]
[EventDate "2000.02.??"]
[WhiteTeam "NAO Chess Club"]
[BlackTeam "Clichy"]

1. e4 e5 2. Nf3 Nc6 3. Bb5 Nd4 4. Nxd4 exd4 5. O-O c6 6. Ba4 Nf6 7. d3 d6 8.
Nd2 Be7 9. Nf3 Bg4 10. h3 Bxf3 11. Qxf3 O-O 12. Bd2 d5 13. Rfe1 dxe4 14. dxe4
Nd7 15. Bb3 Nc5 16. Bc4 Qb6 17. Qg3 Rfe8 18. b4 Ne6 19. Kh1 Qd8 20. Qg4 Bd6 21.
e5 Bf8 22. f4 b5 23. Bb3 c5 24. c4 dxc3 25. Bxc3 cxb4 26. Bb2 Nc5 27. Rad1 Qc8
28. Bd5 Qxg4 29. hxg4 Rac8 30. f5 g6 31. Bd4 Rcd8 32. Bxc5 Bxc5 33. e6 fxe6 34.
Rxe6 Kg7 35. Rc6 Bb6 36. f6+ Kf8 37. Kh2 Re5 38. Bf3 Rxd1 39. Bxd1 Re3 40. Bb3
Rc3 41. Re6 Bc7+ 42. Kg1 Bb6+ 43. Kh2 Bc7+ 44. Kg1 Bg3 45. Kf1 Rc1+ 46. Ke2
Re1+ 47. Kd3 Rxe6 48. Bxe6 Be5 49. f7 Ke7 50. Bd7 1/2-1/2

[Event "FRA Team Ch"]
[Site "DRANCY"]
[Date "2002.02.01"]
[Round "1.1"]
[White "David, Alberto"]
[Black "Kazhgaleyev, Murtas"]
[Result "1/2-1/2"]
[WhiteElo "2516"]
[BlackElo "2561"]
[PlyCount "62"]
[EventDate "2000.02.??"]
[WhiteTeam "Drancy"]
[BlackTeam "Cannes"]

1. e4 e5 2. Nf3 Nc6 3. Bb5 a6 4. Ba4 Nf6 5. O-O Be7 6. Re1 b5 7. Bb3 d6 8. c3
O-O 9. h3 Na5 10. Bc2 c5 11. d4 Qc7 12. Nbd2 Rd8 13. Nf1 cxd4 14. cxd4 exd4 15.
Nxd4 d5 16. e5 Ne4 17. Bf4 Bc5 18. Ne3 Qb6 19. Nb3 Nxb3 20. Bxb3 Be6 21. Qd3 a5
22. Re2 a4 23. Bc2 Kf8 24. Rf1 a3 25. bxa3 Rxa3 26. Bb3 b4 27. Nc2 Ra5 28. Be3
Bxe3 29. Rxe3 Rc8 30. Rd1 Nc3 31. Rd2 g6 1/2-1/2

[Event "FRA Team Ch"]
[Site "DRANCY"]
[Date "2002.02.01"]
[Round "1.2"]
[White "Gallagher, Joseph G"]
[Black "Komarov, Dimitri"]
[Result "1/2-1/2"]
[WhiteElo "2503"]
[BlackElo "2537"]
[PlyCount "39"]
[EventDate "2000.02.??"]
[WhiteTeam "Cannes"]
[BlackTeam "Drancy"]

1. e4 e6 2. d4 d5 3. Nd2 c5 4. Ngf3 cxd4 5. Nxd4 Nc6 6. Bb5 Bd7 7. Nxc6 Bxc6 8.
Bxc6+ bxc6 9. c4 Qa5 10. exd5 cxd5 11. cxd5 Qxd5 12. Qa4+ Qd7 13. Qxd7+ Kxd7
14. Nc4 Ne7 15. Ke2 Nd5 16. Ne3 Bc5 17. Nxd5 exd5 18. Rd1 Rhe8+ 19. Kf3 Ke6 20.
Be3 1/2-1/2

[Event "FRA Team Ch"]
[Site "DRANCY"]
[Date "2002.02.01"]
[Round "1.3"]
[White "Legky, Nikolay A"]
[Black "Fontaine, Robert"]
[Result "0-1"]
[WhiteElo "2485"]
[BlackElo "2469"]
[PlyCount "104"]
[EventDate "2000.02.??"]
[WhiteTeam "Drancy"]
[BlackTeam "Cannes"]

1. d4 d5 2. c4 c6 3. Nf3 Nf6 4. cxd5 cxd5 5. Nc3 Nc6 6. Bf4 Ne4 7. e3 Nxc3 8.
bxc3 g6 9. Ne5 Bg7 10. Nxc6 bxc6 11. Qa4 O-O 12. Bd3 Bd7 13. Qa3 Re8 14. O-O e5
15. Bxe5 Bxe5 16. dxe5 Rxe5 17. Rab1 Qc7 18. Qc5 Rd8 19. Ba6 Rh5 20. f4 d4 21.
Qxd4 Be6 22. Qf6 Rf5 23. Qh4 Ra5 24. Rb7 Qd6 25. f5 Rxf5 26. Rxf5 Bxf5 27. Qd4
Qf8 28. Qxa7 Ra8 29. Qb6 Bc8 30. Qxc6 Bxb7 31. Qxb7 Rb8 32. Qe4 Qa3 33. Bc4
Qc1+ 34. Kf2 Qxc3 35. Qf4 Rb7 36. Bb3 Rd7 37. h4 h5 38. Kf3 Kg7 39. Qe4 Qf6+
40. Qf4 Rb7 41. Kg3 Qe7 42. Qd4+ Kh7 43. Qf4 Kg7 44. Qd4+ f6 45. Kf2 Rb4 46.
Qd5 Rxh4 47. a4 Qe5 48. Qf7+ Kh6 49. a5 Rg4 50. Bd5 Qb2+ 51. Kg1 Qc1+ 52. Kh2
Rh4+ 0-1

[Event "FRA Team Ch"]
[Site "DRANCY"]
[Date "2002.02.01"]
[Round "1.4"]
[White "Anic, Darko"]
[Black "Godard, Maxence"]
[Result "1/2-1/2"]
[WhiteElo "2457"]
[BlackElo "2383"]
[PlyCount "82"]
[EventDate "2000.02.??"]
[WhiteTeam "Cannes"]
[BlackTeam "Drancy"]

1. Nf3 c5 2. c4 Nf6 3. Nc3 g6 4. d4 cxd4 5. Nxd4 b6 6. e4 Bb7 7. e5 Ne4 8. Nxe4
Bxe4 9. Qg4 Bb7 10. Bd3 Bg7 11. O-O Nc6 12. Nxc6 dxc6 13. Qe4 Qc7 14. Bf4 c5
15. Qe3 Qc6 16. f3 Rd8 17. Be4 Qc8 18. Rad1 O-O 19. h4 Qa8 20. Bc2 Rxd1 21.
Rxd1 Rd8 22. Rd2 Bc6 23. Kf1 Kf8 24. Bh6 Qc8 25. h5 Rxd2 26. Bxg7+ Kxg7 27. h6+
Kf8 28. Qxd2 Ke8 29. Kf2 Qe6 30. Qf4 Kf8 31. g4 Be8 32. Kg3 f6 33. Be4 Qxe5 34.
Qxe5 fxe5 35. g5 Bd7 36. Kf2 Bf5 37. Ke3 e6 38. Kd3 Ke7 39. Ke3 Kd6 40. Bb7 Kc7
41. Ba8 Kd7 1/2-1/2

[Event "FRA Team Ch"]
[Site "DRANCY"]
[Date "2002.02.01"]
[Round "1.6"]
[White "Chabanon, Jean-Luc"]
[Black "Giffard, Nicolas"]
[Result "1-0"]
[WhiteElo "2483"]
[BlackElo "2303"]
[PlyCount "107"]
[EventDate "2000.02.??"]
[WhiteTeam "Cannes"]
[BlackTeam "Drancy"]

1. e4 c6 2. d4 d5 3. exd5 cxd5 4. c4 dxc4 5. Bxc4 Qc7 6. Bb3 Bg4 7. f3 Bd7 8.
Ne2 e6 9. Nbc3 Nf6 10. Bf4 Bd6 11. Qd2 Bxf4 12. Nxf4 O-O 13. O-O Nc6 14. d5
exd5 15. Ncxd5 Nxd5 16. Nxd5 Qe5 17. Rfe1 Qd4+ 18. Qxd4 Nxd4 19. Ne7+ Kh8 20.
Rad1 Nxb3 21. Rxd7 Nc5 22. Rc7 b6 23. Nc6 Nd3 24. Ree7 Nxb2 25. Ne5 Rfc8 26.
Nxf7+ Kg8 27. Rxc8+ Rxc8 28. Rxa7 Nd3 29. h4 Rc1+ 30. Kh2 Rc2 31. Ng5 g6 32.
Kg3 Ne1 33. Nxh7 Rxg2+ 34. Kf4 b5 35. Nf6+ Kf8 36. Nd7+ Ke7 37. Ne5+ Kf6 38.
Ra6+ Kg7 39. Ra7+ Kf6 40. Ng4+ Ke6 41. Ra6+ Kf7 42. a3 Nd3+ 43. Ke3 Ne1 44.
Rf6+ Kg7 45. Rb6 Ra2 46. Rb7+ Kf8 47. Ne5 Ng2+ 48. Ke4 Nxh4 49. Rh7 Nxf3 50.
Rf7+ Ke8 51. Rxf3 g5 52. Kd5 Ke7 53. Nc6+ Ke8 54. Kc5 1-0

[Event "FRA Team Ch"]
[Site "DRANCY"]
[Date "2002.02.01"]
[Round "1.8"]
[White "Armas, Julius"]
[Black "Buchy, Daniel"]
[Result "1-0"]
[WhiteElo "2385"]
[BlackElo "2195"]
[PlyCount "147"]
[EventDate "2000.02.??"]
[WhiteTeam "Cannes"]
[BlackTeam "Drancy"]

1. e4 c5 2. Nf3 Nc6 3. g3 g6 4. Bg2 Bg7 5. d3 d6 6. c3 Nh6 7. O-O O-O 8. Nbd2
e5 9. Nc4 f5 10. Bg5 Qc7 11. Ne3 Ne7 12. exf5 Nhxf5 13. Nh4 Nxe3 14. fxe3 Rxf1+
15. Qxf1 Be6 16. Bh3 Qd7 17. Bxe6+ Qxe6 18. Qg2 Nc6 19. e4 Rf8 20. a3 Qg4 21.
Be3 Qe6 22. b4 b6 23. Qa2 Qxa2 24. Rxa2 Rf7 25. Kg2 Kf8 26. Nf3 Bf6 27. Nd2 Ke7
28. Nc4 Bg7 29. b5 Nd8 30. a4 Nb7 31. a5 bxa5 32. Nxa5 Nxa5 33. Rxa5 Ke6 34.
Ra6 Rc7 35. Kf3 Bf6 36. Ke2 Bg7 37. Kd2 Bf6 38. Kc2 Bg7 39. Kb3 Bf6 40. Ka4 Bd8
41. c4 Kd7 42. Kb3 Ke6 43. Kc2 Bf6 44. Kd1 Be7 45. Bd2 Bf6 46. Ba5 Rb7 47. Rc6
Kd7 48. Ra6 Ke6 49. Bd2 Bd8 50. Bh6 Bb6 51. Ke2 Rf7 52. Ra1 Bd8 53. h4 Bb6 54.
h5 Bd8 55. hxg6 hxg6 56. Be3 Rh7 57. Kf3 Bb6 58. Bg5 Rf7+ 59. Kg4 Rh7 60. Rf1
Rf7 61. Rh1 Rg7 62. Rh8 Rc7 63. Rf8 Rg7 64. Bh6 Rf7 65. Rg8 Rf6 66. Rg7 Rf1 67.
Bg5 Rf7 68. Rxg6+ Kd7 69. Bf6 Rf8 70. Kf5 Bd8 71. g4 Bxf6 72. Rxf6 Rh8 73. Rf7+
Ke8 74. Rxa7 1-0

[Event "FRA Team Ch"]
[Site "DRANCY"]
[Date "2002.02.01"]
[Round "1.9"]
[White "Dewitte, Catherine"]
[Black "Wohlers-Armas, Friedericke"]
[Result "0-1"]
[WhiteElo "2000"]
[BlackElo "2193"]
[PlyCount "54"]
[EventDate "2000.02.??"]
[WhiteTeam "Drancy"]
[BlackTeam "Cannes"]

1. d4 Nf6 2. Bg5 Ne4 3. h4 c5 4. d5 Qb6 5. Nd2 Nxd2 6. Bxd2 Qxb2 7. Nf3 Qb6 8.
g3 d6 9. Bc3 Nd7 10. Rb1 Qc7 11. Bh3 Nf6 12. Bxc8 Rxc8 13. Bxf6 exf6 14. c4 b6
15. Rb3 Be7 16. h5 h6 17. Nh4 O-O 18. Nf5 Rfe8 19. Rh4 Bf8 20. e4 Qd7 21. Re3
Kh7 22. Qg4 Rcd8 23. Kf1 b5 24. Kg2 bxc4 25. Qf4 Re5 26. Rg4 Rde8 27. f3 Qa4
0-1

[Event "FRA Team Ch"]
[Site "EPINAL"]
[Date "2002.02.01"]
[Round "1.1"]
[White "Sokolov, Andrei"]
[Black "Landa, Konstantin"]
[Result "1/2-1/2"]
[WhiteElo "2614"]
[BlackElo "2619"]
[PlyCount "29"]
[EventDate "2002.02.??"]
[WhiteTeam "Mulhouse"]
[BlackTeam "Nancy"]

1. e4 c5 2. Nf3 e6 3. d4 cxd4 4. Nxd4 a6 5. Nc3 b5 6. Bd3 Qb6 7. Nf3 Nc6 8. O-O
Qb8 9. Re1 Bd6 10. a4 b4 11. Nb1 Nge7 12. Nbd2 Ng6 13. Nc4 Bc7 14. a5 Nge5 15.
Nfxe5 1/2-1/2

[Event "FRA Team Ch"]
[Site "EPINAL"]
[Date "2002.02.01"]
[Round "1.2"]
[White "Arkell, Keith C"]
[Black "Milov, Vadim"]
[Result "1-0"]
[WhiteElo "2595"]
[BlackElo "2463"]
[PlyCount "77"]
[EventDate "2002.02.??"]
[WhiteTeam "Nancy"]
[BlackTeam "Mulhouse"]

1. d4 Nf6 2. Nf3 d5 3. c4 e6 4. Nc3 Bb4 5. Qa4+ Nc6 6. a3 Bxc3+ 7. bxc3 Ne4 8.
Qc2 b6 9. e3 Na5 10. cxd5 exd5 11. Bb5+ c6 12. Bd3 O-O 13. O-O Bf5 14. Re1 c5
15. Nd2 c4 16. Bxe4 dxe4 17. a4 Re8 18. Ba3 Qg5 19. Bd6 h5 20. Bf4 Qg6 21. Kh1
h4 22. h3 Rad8 23. Rab1 Rd5 24. Rb4 Qe6 25. Bh2 Rc8 26. Reb1 g5 27. Rb5 Rxb5
28. Rxb5 f6 29. d5 Qd7 30. Nxe4 Kg7 31. f3 Re8 32. d6 Qe6 33. Nxg5 Bxc2 34.
Nxe6+ Rxe6 35. Rxa5 Rxe3 36. Rxa7+ Kf8 37. Bg1 Re1 38. Kh2 Rb1 39. Ra8+ 1-0

[Event "FRA Team Ch"]
[Site "EPINAL"]
[Date "2002.02.01"]
[Round "1.3"]
[White "Georgiev, Kiril"]
[Black "Gormally, Dan"]
[Result "0-1"]
[WhiteElo "2655"]
[BlackElo "2506"]
[PlyCount "108"]
[EventDate "2002.02.??"]
[WhiteTeam "Mulhouse"]
[BlackTeam "Nancy"]

1. e4 c5 2. Nf3 d6 3. d4 cxd4 4. Nxd4 Nf6 5. Nc3 a6 6. Be2 e5 7. Nb3 Be7 8. O-O
O-O 9. Be3 Be6 10. a4 Nbd7 11. a5 Qc7 12. Qd2 Rfe8 13. Rfc1 Rac8 14. Bf3 Bf8
15. h3 h6 16. Nd5 Bxd5 17. exd5 Qc4 18. Qd3 Qc7 19. Qd1 Nc5 20. c4 Nfd7 21. Ra3
e4 22. Bg4 Nd3 23. Rc2 g6 24. Bb6 Nxb6 25. axb6 Qxb6 26. Bxc8 Rxc8 27. Qe2 Bg7
28. Kf1 f5 29. g3 Kh7 30. h4 h5 31. Kg2 Re8 32. Nd2 Nb4 33. Rc1 Qd4 34. Rcc3
Qc5 35. Rc1 Qd4 36. Rcc3 Qc5 37. Rcb3 a5 38. Nf1 b6 39. Ne3 Re5 40. Ra1 Nd3 41.
Kg1 f4 42. gxf4 Nxf4 43. Qd1 Qc8 44. Ng2 Nh3+ 45. Rxh3 Qxh3 46. Ra3 e3 47. fxe3
Re4 48. Qf1 Rg4 49. Qf2 Rg3 50. e4 Rxa3 51. bxa3 Qxa3 52. Ne3 Qd3 53. Qf4 a4
54. Nf5 a3 0-1

[Event "FRA Team Ch"]
[Site "EPINAL"]
[Date "2002.02.01"]
[Round "1.4"]
[White "Spielmann, Alain"]
[Black "Pelletier, Yannick"]
[Result "0-1"]
[WhiteElo "2307"]
[BlackElo "2549"]
[PlyCount "70"]
[EventDate "2002.02.??"]
[WhiteTeam "Nancy"]
[BlackTeam "Mulhouse"]

1. Nf3 c5 2. c4 Nf6 3. Nc3 e6 4. e3 Nc6 5. d4 d5 6. a3 a6 7. cxd5 exd5 8. dxc5
Bxc5 9. Be2 O-O 10. O-O Re8 11. Nd4 Ne5 12. b3 Qd6 13. Bb2 Bd7 14. Nf3 Neg4 15.
g3 Ba7 16. Nd4 Qe5 17. Kg2 Qh5 18. Rh1 Qh6 19. Qd2 Rac8 20. Bxg4 Bxg4 21. h3
Bd7 22. Rac1 Qg6 23. Nce2 Ne4 24. Qd3 Rxc1 25. Bxc1 Qf6 26. f3 Nc5 27. Qd2 Bb8
28. Bb2 Qe5 29. Nf4 Qxe3 30. Qxe3 Rxe3 31. Nxd5 Re8 32. Rd1 Nxb3 33. Nb6 Nxd4
34. Nxd7 Nf5 35. Rb1 Re2+ 0-1

[Event "FRA Team Ch"]
[Site "EPINAL"]
[Date "2002.02.01"]
[Round "1.5"]
[White "Koch, Jean Rene"]
[Black "Philippe, Christophe"]
[Result "1/2-1/2"]
[WhiteElo "2498"]
[BlackElo "2325"]
[PlyCount "60"]
[EventDate "2002.02.??"]
[WhiteTeam "Mulhouse"]
[BlackTeam "Nancy"]

1. c4 e5 2. e3 Nf6 3. Nc3 Bb4 4. Nge2 O-O 5. a3 Bxc3 6. Nxc3 d5 7. cxd5 Nxd5 8.
Bc4 Nb6 9. Be2 Bf5 10. d3 c5 11. b3 Nc6 12. Qc2 Rc8 13. Ne4 Nd5 14. O-O b6 15.
Bb2 Qe7 16. Rfd1 Rfd8 17. Bf3 Bg6 18. Nc3 Nf6 19. Bxc6 Rxc6 20. e4 Rcd6 21. Nb5
R6d7 22. f3 Ne8 23. Nc3 Nc7 24. b4 f6 25. Ne2 Ne6 26. Bc3 Bf7 27. Be1 Rc7 28.
Qb2 Rcd7 29. Qc2 Rc7 30. Qb2 Rcd7 1/2-1/2

[Event "FRA Team Ch"]
[Site "EPINAL"]
[Date "2002.02.01"]
[Round "1.6"]
[White "Nezar, Mustapha"]
[Black "Popovic, Petar"]
[Result "0-1"]
[WhiteElo "2380"]
[BlackElo "2533"]
[PlyCount "108"]
[EventDate "2002.02.??"]
[WhiteTeam "Nancy"]
[BlackTeam "Mulhouse"]

1. d4 Nf6 2. c4 g6 3. Nc3 Bg7 4. e4 d6 5. Be2 O-O 6. Nf3 e5 7. O-O c6 8. dxe5
dxe5 9. Qxd8 Rxd8 10. b3 Bg4 11. Ba3 Nbd7 12. Rfd1 Bf8 13. Bxf8 Kxf8 14. Nd2
Bxe2 15. Nxe2 Nc5 16. Ng3 Rd7 17. Nf3 Re7 18. Re1 Rd8 19. h3 a5 20. Re3 Rd6 21.
Rae1 Nfd7 22. a3 Na6 23. Kf1 Ndc5 24. Rb1 f6 25. b4 axb4 26. axb4 Nd3 27. b5
Nac5 28. Ne2 Nf4 29. h4 Nfe6 30. Nc3 Red7 31. bxc6 bxc6 32. Rb6 Rb7 33. Rxb7
Nxb7 34. Na4 Na5 35. Nb2 Nc5 36. Ra3 Nab3 37. Ke2 Rd7 38. Ke3 Ke7 39. Ne1 Nd4
40. Ra5 Rb7 41. Nbd3 Nd7 42. Nf3 Nb3 43. Ra4 Nb6 44. Ra6 Nxc4+ 45. Ke2 Kd7 46.
g4 Kd6 47. Ra8 Nc5 48. Nxc5 Kxc5 49. Rf8 Rb2+ 50. Ke1 Rb1+ 51. Ke2 Rb2+ 52. Ke1
Nd6 53. Nd2 Kb4 54. Rxf6 Rxd2 0-1

[Event "FRA Team Ch"]
[Site "EPINAL"]
[Date "2002.02.01"]
[Round "1.7"]
[White "Claverie, Christophe"]
[Black "Adrian, Claude"]
[Result "1-0"]
[WhiteElo "2363"]
[BlackElo "2329"]
[PlyCount "47"]
[EventDate "2002.02.??"]
[WhiteTeam "Mulhouse"]
[BlackTeam "Nancy"]

1. d4 Nf6 2. Bg5 Ne4 3. Bf4 d5 4. f3 Nf6 5. e4 e6 6. e5 Nfd7 7. Be3 c5 8. c3
Nc6 9. f4 Qa5 10. Nf3 cxd4 11. Nxd4 Be7 12. Nd2 Nxd4 13. Bxd4 Qc7 14. Bd3 b6
15. O-O Nc5 16. Bc2 Ba6 17. Rf3 f5 18. exf6 Bxf6 19. Qe1 O-O 20. b4 Bxd4+ 21.
cxd4 Ne4 22. Rc1 Nxd2 23. Bxh7+ Kxh7 24. Rh3+ 1-0

[Event "FRA Team Ch"]
[Site "EPINAL"]
[Date "2002.02.01"]
[Round "1.8"]
[White "Sargos, Patrick"]
[Black "Marzolo, Cyril"]
[Result "0-1"]
[WhiteElo "2120"]
[BlackElo "2403"]
[PlyCount "114"]
[EventDate "2002.02.??"]
[WhiteTeam "Nancy"]
[BlackTeam "Mulhouse"]

1. e4 g6 2. Nc3 Bg7 3. g3 c5 4. Bg2 Nc6 5. d3 d6 6. Be3 f5 7. exf5 Bxf5 8. Qd2
Qa5 9. Nge2 Nf6 10. d4 Ng4 11. O-O Nxe3 12. fxe3 O-O 13. Rad1 Bg4 14. h3 Rxf1+
15. Rxf1 Bd7 16. dxc5 Qxc5 17. Nf4 Bxc3 18. bxc3 Rf8 19. Kh2 Nd8 20. Nd3 Qa5
21. Rxf8+ Kxf8 22. Nb4 Qe5 23. Qd4 b6 24. Nd3 Qg7 25. Qc4 Ne6 26. Qa6 Qxc3 27.
Qxa7 Qc7 28. Qxc7 Nxc7 29. Nb4 e6 30. Kg1 Ke7 31. Kf2 d5 32. Bf1 Kd6 33. Ke1
Ne8 34. c3 Nf6 35. Bd3 e5 36. h4 Bf5 37. Be2 Ne4 38. g4 Be6 39. g5 Nxc3 40. Bd3
d4 41. exd4 exd4 42. a3 Nd5 43. Kf2 Ne3 44. Kf3 Nf5 45. Kg4 Bd7 46. Bb1 Ke5 47.
Nd3+ Kd5 48. Kf4 Nxh4 49. Ba2+ Kd6 50. Ne5 Bc6 51. Nxc6 Kxc6 52. Ke4 Kc5 53.
Bg8 Nf5 54. Kd3 Ne7 55. Bf7 Nf5 56. Bg8 h6 57. gxh6 Nxh6 0-1